| 000 | 01140nam a2200337 i 4500 | ||
|---|---|---|---|
| 005 | 20220317001946.0 | ||
| 007 | ta | ||
| 008 | 210817s2019 ck jr 000 fdspa d | ||
| 020 | _a9789580009702 | ||
| 040 |
_aCO-BoRNBP _bspa _erda _cCO-BoRNBP |
||
| 041 | 0 | _aspa | |
| 084 | _aN TOR1 | ||
| 100 | 1 |
_aTorres, John Fitzgerald, _d1964- _eautor |
|
| 245 | 1 | 3 |
_aEl vértigo de los pájaros _cJohn Fitzgerald Torres |
| 250 | _aPrimera edición | ||
| 264 | 1 |
_aBogotá _bEducactiva _bEdiciones Norma _c2019 |
|
| 300 |
_a258 páginas _c22 cm |
||
| 336 |
_2rdacontent _atexto _btxt |
||
| 337 |
_2rdamedia _asin mediación _bn |
||
| 338 |
_2rdacarrier _avolumen _bnc |
||
| 490 | 0 | _aZona libre | |
| 500 | _aIncluye apéndice al final del texto | ||
| 521 | _aRecomendado para un público mayor de 15 años | ||
| 545 | _aIncluye datos biográficos del autor en la solapa | ||
| 650 | 1 | 7 |
_aNovela juvenil colombiana _ySiglo XX _2LEMB |
| 650 | 1 | 7 |
_aLiteratura juvenil colombiana _ySiglo XX _2LEMB |
| 650 | 1 | 7 |
_2LEMB _ySiglo XX _aAutores colombianos |
| 650 | 1 | 7 |
_aAmor adolescente _vNovela _2LEMB |
| 650 | 1 | 7 |
_aRecuerdos _vNovela _2LEMB |
| 942 |
_2loc _cBKLIT |
||
| 999 |
_c8697 _d8697 |
||